<Das> Wesen der Betriebswirtschaftslehre nach dem deutschen, italienischen und französischen Schrifttum

Enregistré dans:
Détails bibliographiques
Format: Livre
Langue:allemand
Publié: St. Gallen Verlag der Fahr'schen Buchhandlung 1942
Tags: Ajouter un tag
Pas de tags, Soyez le premier à ajouter un tag!

MARC

LEADER 00000nam a2200000 4500
001 0268161
005 20240822101711.5
041 0 |a ger 
044 |a CH 
245 1 0 |a <Das> Wesen der Betriebswirtschaftslehre nach dem deutschen, italienischen und französischen Schrifttum  |c Charles Lattmann 
264 1 |a St. Gallen  |b Verlag der Fahr'schen Buchhandlung  |c 1942